Role of carbon black dispersion/distribution on rubber compound properties: Paper presented at ITEC`96, Akron, September 10-12, 1996 (Record no. 41068)

MARC details
000 -LEADER
fixed length control field 00406nam a2200121Ia 4500
082 ## - DEWEY DECIMAL CLASSIFICATION NUMBER
Classification number 678.046.2
Item number GER
100 ## - MAIN ENTRY--AUTHOR NAME
Personal name Gerspacher, M
245 #0 - TITLE STATEMENT
Title Role of carbon black dispersion/distribution on rubber compound properties: Paper presented at ITEC`96, Akron, September 10-12, 1996
260 ## - PUBLICATION, DISTRIBUTION, ETC. (IMPRINT)
Place of publication Akron
Year of publication 1996
650 ## - SUBJECT ADDED ENTRY--TOPICAL TERM
Topical Term Carbon black reinforcing
942 ## - ADDED ENTRY ELEMENTS (KOHA)
Koha item type Books
Holdings
Withdrawn status Lost status Damaged status Not for loan Home library Current library Date acquired Cost, normal purchase price Full call number Accession Number Koha item type
        RRII Library RRII Library 16/12/2021 300.00 678.046.2 GER 21360 Books